000 00916nam0a22002651 4500
001 rc\916145
005 20250622042231.0
035 _a(NLR Aleph) 006090472
090 _a5155347
_c5155347
100 _a20041129d1982 |||y0rusy50 ca
101 0 _arus
102 _aRU
105 _aa |||||||||
200 1 _aФизико-механические свойства торфяных залежей
_eУчеб. пособие
210 _aКалинин
_cКалинин. ун-т
_d1982
215 _a84 с.
_cил.
_d20
300 _aВ надзаг.: Калинин. политехн. ин-т
320 _aБиблиогр.: с. 80-82 (27 назв.)
700 1 _aБазин
_bЕ.Т.
_f1934-
_gЕвгений Тихонович
701 1 _aЖенихов
_bЮ.Н.
_gЮрий Николаевич
801 0 _aRU
_bNLR
_gpsbo
801 1 _aRU
_bELAR
_2rusmarc
852 _aNLR
_j83-4/8652
942 _cBOOK
980 _aNB